<?xml version="1.0" encoding="UTF-8"?>
<record
    xmlns:xsi="http://www.w3.org/2001/XMLSchema-instance"
    xsi:schemaLocation="http://www.loc.gov/MARC21/slim http://www.loc.gov/standards/marcxml/schema/MARC21slim.xsd"
    xmlns="http://www.loc.gov/MARC21/slim">

  <leader>02351nam a22003737a 4500</leader>
  <controlfield tag="003">AR-RoUNCS</controlfield>
  <controlfield tag="005">20260514095854.0</controlfield>
  <controlfield tag="007">ta</controlfield>
  <controlfield tag="008">260514s2017    ag a||||r|||| 00| 0 spa d</controlfield>
  <datafield tag="020" ind1=" " ind2=" ">
    <subfield code="a">9789874012371</subfield>
  </datafield>
  <datafield tag="040" ind1=" " ind2=" ">
    <subfield code="a">AR-RoUNCS</subfield>
    <subfield code="b">spa</subfield>
    <subfield code="c">AR-RoUNCS</subfield>
  </datafield>
  <datafield tag="041" ind1=" " ind2=" ">
    <subfield code="a">spa</subfield>
  </datafield>
  <datafield tag="245" ind1="0" ind2="3">
    <subfield code="a">El Nunca m&#xE1;s : </subfield>
    <subfield code="b">y los cr&#xED;menes de la dictadura / </subfield>
    <subfield code="c">[redacci&#xF3;n y compilaci&#xF3;n de Victoria Ginzberg y Alejandra Dand&#xE1;n].</subfield>
  </datafield>
  <datafield tag="260" ind1=" " ind2=" ">
    <subfield code="a">[Ciudad Aut&#xF3;noma de Buenos Aires] : </subfield>
    <subfield code="b">Ministerio de Cultura de la Naci&#xF3;n,</subfield>
    <subfield code="c">i2017.</subfield>
  </datafield>
  <datafield tag="300" ind1=" " ind2=" ">
    <subfield code="a">193 p. : </subfield>
    <subfield code="b">ils. ; </subfield>
    <subfield code="c">23 cm.</subfield>
  </datafield>
  <datafield tag="490" ind1="0" ind2=" ">
    <subfield code="a">Libros y casas</subfield>
  </datafield>
  <datafield tag="505" ind1=" " ind2=" ">
    <subfield code="t">El Nunca m&#xE1;s
</subfield>
  </datafield>
  <datafield tag="505" ind1=" " ind2=" ">
    <subfield code="t">La edici&#xF3;n del Informe Nunca m&#xE1;s del a&#xF1;o 2006, con motivo del 30&#xBA; aniversario
</subfield>
  </datafield>
  <datafield tag="505" ind1=" " ind2=" ">
    <subfield code="t">Pr&#xF3;logo a la edici&#xF3;n original
</subfield>
  </datafield>
  <datafield tag="505" ind1=" " ind2=" ">
    <subfield code="t">I. La represi&#xF3;n como m&#xE9;todo
</subfield>
  </datafield>
  <datafield tag="505" ind1=" " ind2=" ">
    <subfield code="t">II. La muerte como arma pol&#xED;tica
</subfield>
  </datafield>
  <datafield tag="505" ind1=" " ind2=" ">
    <subfield code="t">III. La Iglesia. El Plan C&#xF3;ndor
</subfield>
  </datafield>
  <datafield tag="505" ind1=" " ind2=" ">
    <subfield code="t">IV. Los documentos
</subfield>
  </datafield>
  <datafield tag="505" ind1=" " ind2=" ">
    <subfield code="t">V. V&#xED;ctimas
</subfield>
  </datafield>
  <datafield tag="505" ind1=" " ind2=" ">
    <subfield code="t">VI. El Poder Judicial
</subfield>
  </datafield>
  <datafield tag="505" ind1=" " ind2=" ">
    <subfield code="t">VII. El respaldo doctrinario de la represi&#xF3;n
</subfield>
  </datafield>
  <datafield tag="505" ind1=" " ind2=" ">
    <subfield code="t">Conclusiones</subfield>
  </datafield>
  <datafield tag="520" ind1=" " ind2=" ">
    <subfield code="a">El Nunca m&#xE1;s apareci&#xF3; por primera vez el 30 de noviembre de 1984 con los comienzos de la nueva democracia. Desde entonces, marc&#xF3; la historia de este pa&#xED;s como un s&#xED;mbolo de la lucha por la defensa de los derechos humanos.
El gobierno del Presidente Ra&#xFA;l Alfons&#xED;n pidi&#xF3; a un equipo de personalidades de la cultura y de la ciencia, encabezado por el escritor Ernesto Sabato, una investigaci&#xF3;n especial sobre los cr&#xED;menes que se hab&#xED;an cometido durante la &#xFA;ltima dictadura c&#xED;vico militar entre 1976 y 1983.
Al comienzo, algunas v&#xED;ctimas de la dictadura se acercaron con discreci&#xF3;n en busca de un espacio confiable. Luego fueron miles los testimonios. Al caudal de denuncias de Buenos Aires se sumaron las recogidas en distintos puntos del pa&#xED;s. De esta manera, se dio inicio al trabajo de la Comisi&#xF3;n Nacional sobre la Desaparici&#xF3;n de Personas, conocida luego como Conadep.
La Conadep escribi&#xF3; un informe de 50 mil p&#xE1;ginas en las que se documentaron los datos que la dictadura se hab&#xED;a propuesto borrar</subfield>
  </datafield>
  <datafield tag="650" ind1=" " ind2="7">
    <subfield code="2">embne</subfield>
    <subfield code="a">Historia</subfield>
    <subfield code="z">Argentina</subfield>
  </datafield>
  <datafield tag="650" ind1=" " ind2="7">
    <subfield code="2">embne</subfield>
    <subfield code="a">Dictadura</subfield>
  </datafield>
  <datafield tag="700" ind1="1" ind2=" ">
    <subfield code="a">Ginzberg, Victoria </subfield>
    <subfield code="e">compilador</subfield>
  </datafield>
  <datafield tag="700" ind1="1" ind2=" ">
    <subfield code="a">Dand&#xE1;n, Alejandra </subfield>
    <subfield code="e">compilador</subfield>
  </datafield>
  <datafield tag="942" ind1=" " ind2=" ">
    <subfield code="2">udc</subfield>
    <subfield code="c">OG</subfield>
    <subfield code="n">0</subfield>
  </datafield>
  <datafield tag="999" ind1=" " ind2=" ">
    <subfield code="c">1016</subfield>
    <subfield code="d">1016</subfield>
  </datafield>
  <datafield tag="952" ind1=" " ind2=" ">
    <subfield code="0">0</subfield>
    <subfield code="1">0</subfield>
    <subfield code="2">udc</subfield>
    <subfield code="4">0</subfield>
    <subfield code="7">0</subfield>
    <subfield code="8">CG</subfield>
    <subfield code="a">ESOCIALES</subfield>
    <subfield code="b">ESOCIALES</subfield>
    <subfield code="d">2026-05-14</subfield>
    <subfield code="e">Donaci&#xF3;n 2026</subfield>
    <subfield code="l">0</subfield>
    <subfield code="o">94(82)"1976/1983" N972</subfield>
    <subfield code="p">000973</subfield>
    <subfield code="r">2026-05-14 10:02:16</subfield>
    <subfield code="w">2026-05-14</subfield>
    <subfield code="y">OG</subfield>
  </datafield>
</record>
